Statistiques concernant Tous les pokémon d' Amos

Cliquez ici pour prendre le quiz!

Statistiques générales

  • Ce quiz a été pris 13 fois
  • Le résultat moyen est 5 sur 7

Statistiques - réponses

HintRéponse% Correct
Heartgold
& Soulsilver
Smogo
100%
Let's Go Pikachu
& Evoli
Smogogo
100%
Nosferalto
89%
Démolosse
78%
Malosse
78%
Electrode
56%
Magmar
44%

Distribution des résultats

Percentile par nombre de réponses

% des personnes avec chaque résultat

Votre développement - résultats

Vous n’avez pas pris ce quiz